| 000 | 00864nam a2200265 a 4500 | ||
|---|---|---|---|
| 001 | 000893878 | ||
| 003 | AM-YeHGA | ||
| 005 | 20250617145433.0 | ||
| 008 | 120524s ru r 000 0 rus d | ||
| 040 | _aAM-YeHGA | ||
| 041 | 1 | _arus | |
| 100 | 1 | _aГомер | |
| 245 | 1 | 0 |
_a[Одиссея] / _c[Пер. В. Жуковскoго]. |
| 246 | 1 | 8 | _aОдиссея |
| 260 |
_aБ. м. : _bБ. и., _cБ. г. |
||
| 300 | _aт. | ||
| 500 |
_aТит. л. отсутствует _pFSL |
||
| 505 | 1 | _gТ. 1-2 ( 431 с.) | |
| 600 | 0 | 4 |
_aГомер. _tОдиссея |
| 650 | 1 | 4 |
_aАнтичная литература _zГреция |
| 650 | 1 | 4 |
_aГреческая литература _xЭпос |
| 653 | 0 | _aЭпос древнегреческий | |
| 700 | 1 |
_aЖуковский, Василий Андреевич _d1783-1852 _eпер. _4trl |
|
| 090 | _c313649 | ||
| 999 |
_c311931 _d311931 |
||